Words Within Words - Statistics

General Stats
  • This quiz has been taken 40 times
  • The average score is 12 of 16
Answer Stats
Hint Explanation Answer % Correct
A person who cuts or styles hair as an occupation or profession. Hairdresser Dress
89%
Any of various big cats with black fur. Panther Pant
89%
A person or animal who receives treatment from a doctor. Patient Tie
89%
A hollow into a bone which a part fits, such as an eye, or another bone, in the case of a joint. Socket Sock
86%
Any of various venomous elapid snakes, especially of the genus Naja, that are native to Asia and Africa and are capable of expanding the skin of the neck to form a flattened hood. Cobra Bra
83%
A final layer, as of paint. Topcoat Coat
83%
Bundles of hay or straw used to make a roof. Thatching Hat
81%
A zone comprising the southern and western states of the USA where the weather is typically sunny, characterised by an influx of population from the north and often typified as having conservative political views. Sunbelt Belt
78%
Someone unfairly blamed or punished for some failure. Scapegoat Cape
78%
The time of a man’s life prior to marriage. Bachelorhood Hood
78%
A tall tower, often on a church, normally topped with a spire. Steeple Tee
72%
Ate or drank voraciously; devoured. Scarfed Scarf
69%
A type of greens, similar to kale, popular in the rural southern U.S. Collard Collar
67%
Evaded, as by circumlocution. Skirted Skirt
67%
Not having sufficient or the required properties for a certain purpose or task. Unsuitable Suit
64%
(UK) Ill-tempered or annoyed. Shirty Shirt
47%
No matching quizzes found
Score Distribution
Percent of People with Each Score
Percentile by Number Answered
Your Score History
You have not taken this quiz